Una campaña en pro del seguro y de la previsión popular / (Record no. 96710)

MARC details
000 -LEADER
campo de control de longitud fija 00575nam a2200169 i 4500
001 - NÚMERO DE CONTROL
campo de control 96710
003 - IDENTIFICADOR DE NÚMERO DE CONTROL
campo de control ES-MaACL
005 - FECHA Y HORA DE LA ÚLTIMA TRANSACCIÓN
campo de control 20230906181949.0
007 - CAMPO FIJO DE DESCRIPCIÓN FÍSICA--INFORMACIÓN GENERAL
campo de control de longitud fija t|
008 - DATOS DE LONGITUD FIJA--INFORMACIÓN GENERAL
campo de control de longitud fija 050630s1926 sp ||||1| spa d
100 1# - ENTRADA PRINCIPAL--NOMBRE DE PERSONA
Nombre de persona Maluquer y Salvador, José.
9 (RLIN) 75885
245 10 - MENCIÓN DEL TÍTULO
Título Una campaña en pro del seguro y de la previsión popular /
Mención de responsabilidad, etc. publicaciones y trabajos de D. José Maluquer y Salvador.
260 ## - PUBLICACIÓN, DISTRIBUCIÓN, ETC.
Lugar de publicación, distribución, etc. Madrid :
Nombre del editor, distribuidor, etc. [s.n.],
Fecha de publicación, distribución, etc. 1926 (
Fabricante Suc. de M. Minuesa de los Ríos)
300 ## - DESCRIPCIÓN FÍSICA
Extensión 2 v. ;
Dimensiones 24 cm.
650 ## - PUNTO DE ACCESO ADICIONAL DE MATERIA--TÉRMINO DE MATERIA
Término de materia o nombre geográfico como elemento de entrada Seguridad social-
Subdivisión geográfica España.
9 (RLIN) 17023
852 ## - LOCALIZACIÓN
Ubicación ES-MaACL
Número de control de estantería D-8720-21
Holdings
Estatus retirado Estado de pérdida Estado de daño No para préstamo Biblioteca de origen Biblioteca actual Ubicación en estantería Fecha de adquisición Fuente de adquisición Total de préstamos Signatura topográfica completa Código de barras Visto por última vez Precio de reemplazo Tipo de ítem Koha
        Biblioteca del Ateneo de Madrid Biblioteca del Ateneo de Madrid Sala Valle Inclán 17/01/2008     D-8720-21 901100963 23/02/2023 23/02/2023 Libro impreso